000 00800nam a2200265Ia 4500
003 OSt
005 20221007111625.0
006 a|||||r|||| 00| 0
007 ta
008 221006b |||||||| |||| 00| 0 eng d
024 _a23,937
037 _cTextual
040 _aLCO
_cLCO
_beng
041 _2eng
_aeng
082 _aX5:545, L7
100 _aMarkandeya Subodh
245 0 _aImports And Exports (control) Act,1947 Foreword By
_b Dr. Nagendra Singh
260 _aBombay
_bN.M. Tripathi Private Limited India
_c1977
300 _a307
500 _aXViii of 1947 as Amended By Act Xii of 1976
650 _aEXPORTS
_9264470
700 _a Bhadri Chitra L.
_9566095
942 _hX5:545, L7
_cTEXL
999 _c1193500
_d1193500